00326nam a22001097a 4500008004100000082001500041100001900056245006100075260003200136300001900168650002900187161108b xxu||||| |||| 00| 0 eng d a323.32 SHI aShivji, Issa.- aClass Struggles in Tanzania/cIssa G. Shivji.-hEnglish. aDar Es Salaam:bTPH,c1975. a180p.;c22cm.- 2Civil & political rights